|
|
|
|
| LEADER |
00000nam a2200000 a 4500 |
| 001 |
vtls010651385 |
| 003 |
SK-MaSNL |
| 005 |
20260302013539.0 |
| 008 |
240314s2014 xo oab e n 000 0 slo |
| 015 |
|
|
|a SNBA2015/03
|
| 020 |
|
|
|a 9788081650628
|q (brož.)
|
| 035 |
|
|
|a 821FE223-FB24-4E4E-97B9-447DA7D24D2B
|
| 035 |
|
|
|a urn:nbn:sk:snk-amjq15
|
| 035 |
|
|
|a urn:nbn:sk:snk-am002dzv
|
| 040 |
|
|
|a SNK
|b slo
|c SNK
|e AACR2
|
| 041 |
0 |
|
|a slo
|
| 043 |
|
|
|a x------
|
| 044 |
|
|
|a xo
|c SK
|
| 072 |
|
7 |
|a 338.3/.4
|x Hospodárske a výrobné odvetvia
|2 konspekt
|
| 080 |
|
|
|a 338.48
|2 1981
|
| 080 |
|
|
|a 338.483
|2 1981
|
| 080 |
|
|
|a (075.8)
|2 2001
|
| 080 |
|
|
|a (100)
|2 2001
|
| 100 |
1 |
|
|a Mitríková, Jana,
|d 1978-
|4 aut
|9 198024
|
| 245 |
1 |
0 |
|a Mimoeurópske turistické destinácie
|b (vybrané oblasti)
|c Jana Mitríková
|
| 250 |
|
|
|a 1. vyd.
|
| 260 |
|
|
|a Prešov
|b Bookman
|c 2014
|
| 300 |
|
|
|a 81 s.
|b mp., fotogr.
|c 23 cm
|
| 504 |
|
|
|a Bibliogr. s. 75-81
|
| 650 |
0 |
7 |
|a cestovný ruch
|2 SNKPH
|9 999
|
| 650 |
0 |
7 |
|a geografia cestovného ruchu
|2 SNKPH
|9 67494
|
| 650 |
0 |
7 |
|a Tourism
|2 SNKPHeng
|9 266335
|
| 650 |
0 |
7 |
|a Geography of tourism
|2 SNKPHeng
|9 368653
|
| 651 |
|
7 |
|a Countries of the world
|2 SNKPHeng
|9 266838
|
| 651 |
|
7 |
|a krajiny sveta
|2 SNKPH
|9 253334
|
| 655 |
|
7 |
|a učebnice vysokých škôl
|2 SNKPH
|9 70191
|
| 655 |
|
7 |
|a Textbooks (higher)
|2 SNKPH
|9 276436
|
| 919 |
|
|
|a 978-80-8165-062-8
|
| 958 |
|
|
|a TL
|
| 958 |
|
|
|a NB
|
| 958 |
|
|
|a UV
|
| 999 |
|
|
|c 1013438
|d 1015368
|
| 952 |
|
|
|a SNK
|b SNK
|y PREZ
|7 0
|p 17A1136344
|o snkSC 162879
|i snk2015/3376
|8 0
|0 0
|1 0
|4 0
|d 2015-02-02
|f 1
|l 0
|r 2025-08-26 00:00:00
|w 2026-02-24
|
| 952 |
|
|
|a SNK
|b SNK
|y VYP
|7 0
|p 17A1136343
|o snkSC 162879 D1
|i snk2015/3377
|8 0
|0 0
|1 0
|4 0
|d 2015-02-02
|l 0
|r 2026-02-24 13:00:04
|w 2026-02-24
|